000 00654nam a22002177a 4500
003 OSt
005 20151102180611.0
008 151102b xxu||||| |||| 00| 0 eng d
020 _a0706990307
040 _c040A
082 _a658
_b CHA;2004/187
245 _aManagement Theory And Practice
_cChandan;J S
260 _aNewyork city
_bVIKAS PUBLISHING HOUSE PVT LTD
_c2004
300 _axix;501
_bill
_c32 cm
440 _aManagement Theory and Practice
_95937
505 _rJ S CHANDAN
_tMANAGEMENT THEORY AND PRACTICE
518 _a2004
600 _aJ S CHANDAN
_95938
662 _aNEWYORK
942 _2ddc
_cSLOAN
_h08/29683
999 _c2379
_d2379